Les maths sans bosse à l'école (Record no. 3713)

MARC details
000 -LEADER
fixed length control field 01460nam a2200229 4500
008 - FIXED-LENGTH DATA ELEMENTS--GENERAL INFORMATION
fixed length control field s2005 fr fre u
020 ## - INTERNATIONAL STANDARD BOOK NUMBER
International Standard Book Number 9782869181724
040 ## - CATALOGING SOURCE
Original cataloging agency LB-BrCRDP
082 1# - DEWEY DECIMAL CLASSIFICATION NUMBER
Classification number 510
Item number MAR
100 1# - MAIN ENTRY--PERSONAL NAME
Personal name Marilier, Marie-Christine
245 14 - TITLE STATEMENT
Title Les maths sans bosse à l'école
Statement of responsibility, etc. Marie-Christine Marilier
260 ## - PUBLICATION, DISTRIBUTION, ETC.
Place of publication, distribution, etc. Paris
Name of publisher, distributor, etc. CRDP Créteil
Date of publication, distribution, etc. 2005
300 ## - PHYSICAL DESCRIPTION
Extent 253 p.
Dimensions 24 cm
490 0# - SERIES STATEMENT
Series statement Professeur aujourd'hui
500 ## - GENERAL NOTE
General note Sommaire, bibliographie.
520 ## - SUMMARY, ETC.
Summary, etc. Faire des mathématiques dès le cycle 1, en explorant des voies motivantes et stimulantes, est un véritable un défi lancé aux enseignants.Cet ouvrage réunit des pratiques professionnelles de professeurs des écoles stagiaires, expériences originales et surtout transférables : activités ludiques et développement du goût de la recherche avec des jeux de pièges ou de dominos. résolution de problèmes pour lesquels l'enseignant attend plusieurs réponses ; croisement des mathématiques avec un autre domaine et construction de savoirs dans chacun d'eux (géométrie et géographie, arts plastiques et géométrie, compter et conter, etc.). Autant de démarches qui sollicitent la réflexion et le choix argumenté de stratégies ingénieuses par les élèves.
650 4# - SUBJECT ADDED ENTRY--TOPICAL TERM
Topical term or geographic name entry element Enseignement des mathématiques
650 4# - SUBJECT ADDED ENTRY--TOPICAL TERM
Topical term or geographic name entry element Cycle 1, cycle 2, cycle 3.
650 4# - SUBJECT ADDED ENTRY--TOPICAL TERM
Topical term or geographic name entry element Interdisciplinarité
942 ## - ADDED ENTRY ELEMENTS (KOHA)
Koha item type Books
Holdings
Withdrawn status Lost status Source of classification or shelving scheme Damaged status Not for loan Home library Current library Shelving location Date acquired Source of acquisition Cost, normal purchase price Total Checkouts Full call number Barcode Date last seen Copy number Price effective from Koha item type
    Dewey Decimal Classification     مكتبة دار المعلمين و المعلمات - بئر حسن مكتبة دار المعلمين و المعلمات - بئر حسن Salle de Lecture 06/27/2008 Ambassade de France 0.00   372.7 Mar CRB2238 07/27/2016 1 07/27/2016 Books
    Dewey Decimal Classification     مكتبة دار المعلمين و المعلمات - جونية مكتبة دار المعلمين و المعلمات - جونية Salle de Lecture 03/05/2010 Ambassade de France 17.00   372.7 MAR. CRJ3990 07/27/2016 1 07/27/2016 Books
    Dewey Decimal Classification     مكتبة دار المعلمين و المعلمات - زحلة مكتبة دار المعلمين و المعلمات - زحلة Salle de Lecture 06/12/2009 Amb. de France 17.00   510 MAR CRZ4020 07/27/2016 1 07/27/2016 Books
    Dewey Decimal Classification     مكتبة دار المعلمين و المعلمات - صيدا مكتبة دار المعلمين و المعلمات - صيدا Salle de Lecture 04/18/2008 Ambassade de France 17.00   372.7 MAR - TAV CRS2253 07/28/2016 1 07/28/2016 Books
    Dewey Decimal Classification     مكتبة دار المعلمين و المعلمات - طرابلس مكتبة دار المعلمين و المعلمات - طرابلس Salle de Lecture 10/27/2009 Ambassade de France 0.00   372.7 MAR CRT3319 07/27/2016 1 07/27/2016 Books